MARC

LEADER 00000nam0a2200000 4500
001 123364
005 20231031130444.0
010 |a 5020114901 
020 |a RU  |b 93-19111 
035 |a (RuTPU)RU\TPU\book\133541 
090 |a 123364 
100 |a 20071016d1993 m y0rusy5003 ca 
101 0 |a rus 
102 |a RU 
105 |a a z 001gy 
200 1 |a Русская поэзия "серебряного века", 1890-1917  |e Антология  |f Российская академия наук, Институт мировой литературы им. А. М. Горького (ИМЛИ) 
210 |a Москва  |c Наука  |d 1993 
215 |a 784 с., [32] л. ил.  |d 21 см 
320 |a Алфавитный перечень имен поэтов: с. 767-768 
327 1 |a Содерж.: Авт.: В. Соловьев, А. Жемчужников, К. Случевский, К. Р., А. Коринфский, К. Льдов, К. Фофанов, М. Лохвицкая, П. Соловьева (Allegro), И. Бунин и др. 
610 1 |a русская литература 
610 1 |a поэзия 
610 1 |a Серебряный век 
675 |a Р1  |z rus 
712 0 2 |a Российская академия наук  |b Институт мировой литературы им. А. М. Горького (ИМЛИ)  |2 stltpush  |3 (RuTPU)RU\TPU\col\82 
801 0 |a RU  |b RuMRKP  |c 19960705  |g psbo 
801 1 |a RU  |b 63413507  |c 20071016  |g PSBO 
801 2 |a RU  |b 63413507  |c 20071016  |g PSBO 
942 |c BK